Poesie Dominicaine Du XX Siecle (Record no. 124)

MARC details
000 -LEADER
campo de control de longitud fija 00383 a2200133 4500
020 ## - NÚMERO INTERNACIONAL ESTÁNDAR DEL LIBRO
Número Internacional Estándar del Libro 2882130244
082 ## - NÚMERO DE LA CLASIFICACIÓN DECIMAL DEWEY
Número de clasificación 861.4
Número de ítem C854pd
100 ## - ENTRADA PRINCIPAL--NOMBRE DE PERSONA
Nombre de persona Couffon, Claude
9 (RLIN) 614
245 ## - MENCIÓN DEL TÍTULO
Título Poesie Dominicaine Du XX Siecle
260 ## - PUBLICACIÓN, DISTRIBUCIÓN, ETC.
Lugar de publicación, distribución, etc. Geneve, Suisse
Nombre del editor, distribuidor, etc. Editions Patiǫ
Fecha de publicación, distribución, etc. 1995
300 ## - DESCRIPCIÓN FÍSICA
Extensión 383 p
Dimensiones 20.5 cm
650 ## - PUNTO DE ACCESO ADICIONAL DE MATERIA--TÉRMINO DE MATERIA
Término de materia o nombre geográfico como elemento de entrada Poesia
Subdivisión general literatura
-- S. XX
Subdivisión geográfica Republica Dominicana
9 (RLIN) 615
700 ## - ENTRADA AGREGADA--NOMBRE PERSONAL
Nombre de persona Claude Couffon
9 (RLIN) 616
Holdings
Estatus retirado Estado de pérdida Fuente del sistema de clasificación o colocación Estado de daño No para préstamo Biblioteca de origen Biblioteca actual Ubicación en estantería Fecha de adquisición Total de préstamos Signatura topográfica completa Código de barras Visto por última vez Precio de reemplazo Tipo de ítem Koha
    Clasificación Decimal Dewey     Biblioteca LadoV Biblioteca LadoV   12/05/2014   861.4 C854pd 000115 12/05/2014 12/05/2014 Material 01